000
00257nam a22001097a 4500
008
170125b xxu||||| |||| 00| 0 eng d
020
_a
9780803950948
041
_a
eng
080
_a
618.2
245
_a
IN SEARCH OF NURSING SCIENCE
_c
OMERY, A
942
_2
udc
_c
BK
999
_c
3641
_d
3641